000 00613nam a2200229Ia 4500
003 OSt
005 20221007072327.0
006 a|||||r|||| 00| 0
007 ta
008 221006b |||||||| |||| 00| 0 eng d
024 _a11,476
037 _cTextual
040 _aFLL
_cFLL
_beng
041 _2eng
_aeng
082 _aV1N4:19677.N57, K0
100 _aLauterpacht E. Ed.
245 0 _aSuez canal settlement
260 _aLondon
_bStevens & Sons London
_c1960
300 _a188p
_ccm.
942 _hV1N4:19677.N57, K0
_cTEXL
_2CC
999 _c1145757
_d1145757